| 000 | 01001nam a2200193Ia 4500 | ||
|---|---|---|---|
| 008 | 151121s9999||||xx |||||||||||||| ||und|| | ||
| 082 | _a923।2 / उर्ध्व | ||
| 082 | _bHNW-74677 | ||
| 100 | _aअनु ऊर्ध्वरेषे बाळ (शर्मा चंद्रिकाप्रसाद) | ||
| 245 | _aलोकनेता कवी अटलबिहारी वाजपेयी | ||
| 260 | _b"उत्कर्ष प्रकाशन, पुणे।" | ||
| 260 | _c-- | ||
| 300 | _a307 | ||
| 600 | _aअनु ऊर्ध्वरेषे बाळ (शर्मा चंद्रिकाप्रसाद) | ||
| 630 | _aलोकनेता कवी अटलबिहारी वाजपेयी | ||
| 700 | _aअनु ऊर्ध्वरेषे बाळ (शर्मा चंद्रिकाप्रसाद) | ||
| 730 | _aलोकनेता कवी अटलबिहारी वाजपेयी | ||
| 942 | _cBOOK | ||
| 999 |
_c1256125 _d1256122 |
||